000
00281nam a2200121Ia 4500
008
231120s2016 xx 000 0 und d
041
_a
eng
082
_a
745.54
100
_a
ELIZABETH MOAD
245
_a
PAPERCRAFT THERAPY
260
_a
ARCTURUS
_b
ARCTURUS
_c
2016
300
_a
P-96
999
_c
933470
_d
933470